000
00184 a2200097 4500
001
22552
100
_a
Attia
245
_a
Iqbal
260
_a
_b
Iqbal Academ
_c
090
_c
15218
_d
15218
942
_a
NUST-CAE
_c
M
_c
5801
999
_c
257625
_d
257625